| 000 | 00661nam a2200205Ia 4500 | ||
|---|---|---|---|
| 005 | 20250507130354.0 | ||
| 008 | 008 250505s9999 xx 000 0 eng d | ||
| 020 | _a9780521010153 | ||
| 037 | _aAnnuals, Advances | ||
| 040 |
_aEASL _beng _cEASL |
||
| 041 |
_aeng _2eng |
||
| 084 |
_aV49B:19(zP).P0, P1 _qEASL |
||
| 100 |
_aDupont Alan Au. _9665416 |
||
| 245 | 0 | _aEast Asia Imperilled : Transnational Challenges to Security | |
| 260 |
_aUSA _bNew York Cambridge University Press _c2001 |
||
| 300 | _axiv,336p. | ||
| 490 | _aCambridge Asia Pacific studies | ||
| 942 |
_cTEXL _hV49B:19(zP).P0, P1 |
||
| 999 |
_c1319308 _d1319308 |
||